Statistics for Largest World's Islands on the World Map

Click here to take the quiz!

General Stats

  • This quiz has been taken 50,590 times
  • The average score is 15 of 26

Answer Stats

# Island % Correct
1Greenland
98%
4Madagascar
96%
18Iceland
95%
20Ireland
93%
17Cuba
89%
9Great Britain
83%
25Sri Lanka
83%
26Tasmania
78%
14North Island
65%
12South Island
65%
13Java
63%
3Borneo
62%
22Hispaniola
59%
16Newfoundland
59%
2New Guinea
57%
7Honshu
57%
21Hokkaido
53%
6Sumatra
53%
5Baffin Island
48%
15Luzon
36%
11Sulawesi
31%
23Sakhalin
23%
8Victoria Island
23%
10Ellesmere Island
22%
19Mindanao
21%
24Banks Island
13%

Score Distribution

Percentile by Number Answered

Percent of People with Each Score

Your Score History

You have not taken this quiz